000
00336nam a2200157 4500
008
190522s1997||||xo d
100
1
_a
Cayce Edgar
_9
1135
260
_b
KV FINAL
_a
Turnov
_c
1997
245
1
0
_a
O lásce
250
_a
1.vydanie
300
_a
126s.
020
_c
0
041
1
_a
cze
044
_a
xo
_c
SK
958
_a
AUL
999
_c
22436
_d
22436